Исследования напряжения перекрытия изоляторов в воде; Электричество; № 12

Detaylı Bibliyografya
Parent link:Электричество.— , 1886-
№ 12.— 1980.— С. 56-58
Yazar: Ушаков В. Я. Василий Яковлевич
Diğer Yazarlar: Муратов В. М. Василий Михайлович, Лопатин В. В. Владимир Васильевич
Dil:Rusça
Baskı/Yayın Bilgisi: 1980
Konular:
Materyal Türü: MixedMaterials Kitap Bölümü
KOHA link:https://koha.lib.tpu.ru/cgi-bin/koha/opac-detail.pl?biblionumber=490159

MARC

LEADER 00000naa2a2200000 4500
001 490159
005 20240115102435.0
035 |a (RuTPU)RU\TPU\prd\159048 
035 |a RU\TPU\prd\159047 
090 |a 490159 
100 |a 20121114a1980 k y0rusy50 ca 
101 0 |a rus 
102 |a RU 
200 1 |a Исследования напряжения перекрытия изоляторов в воде  |f В. Я. Ушаков, В. М. Муратов , В. В. Лопатин 
461 1 |0 (RuTPU)RU\TPU\prd\447  |t Электричество  |d 1886- 
463 1 |0 (RuTPU)RU\TPU\prd\125822  |t № 12  |v С. 56-58  |d 1980 
610 1 |a труды учёных ТПУ 
700 1 |a Ушаков  |b В. Я.  |c специалист в области электроэнергетики  |c профессор Томского политехнического университета, доктор технических наук  |f 1939-  |g Василий Яковлевич  |3 (RuTPU)RU\TPU\pers\10509  |9 2236 
701 1 |a Муратов  |b В. М.  |c российский учёный в области высоких напряжений  |c заведующий лабораторией Томского политехнического университета  |g Василий Михайлович  |3 (RuTPU)RU\TPU\pers\26507 
701 1 |a Лопатин  |b В. В.  |c электрофизик  |c доктор физико-математических наук, профессор Томского политехнического университета, заместитель директора по научной работе ИФВТ ТПУ  |f 1947-  |g Владимир Васильевич  |3 (RuTPU)RU\TPU\pers\20662 
801 1 |a RU  |b 63413507  |c 20121114 
801 2 |a RU  |b 63413507  |c 20121114  |g RCR 
942 |c BK